000 00491nam a2200145 4500
999 _c10180
_d10180
008 180804b ||||| |||| 00| 0 eng d
022 _a2094-8042
082 _aDPer 370.105 M72 June 2010-Mar 2011 v. 59 n. 1-10
100 _930044
_aPaloma, Epifania N.
245 _aThe five levels of reading comprehension/
_cEpifania N. Paloma.
260 _aPhilippines;
_bIn The Grade School, Inc.,
_cc2010-2011.
300 _av59 n10, page 425;
_c27m.
650 0 _930046
_aReading.
942 _2ddc
_cPER